[Event "World Schools U17"]
[Site "Vrnjacka Banja"]
[Date "2025.03.20"]
[Round "1"]
[White "Gusev, Mikhail"]
[Black "Guntaka, Aayansh R"]
[Result "1/2-1/2"]
[WhiteElo "2250"]
[BlackElo "1866"]
[PlyCount "109"]
[EventDate "2025.03.20"]
[EventType "swiss"]
[EventRounds "9"]
[EventCountry "SRB"]
[SourceTitle "CB14_2025"]
[SourceDate "2024.11.01"]
[SourceVersion "1"]
[SourceVersionDate "2024.11.01"]
[SourceQuality "1"]

1. e4 c5 2. Nf3 e6 3. d4 cxd4 4. Nxd4 Nf6 5. Nc3 Nc6 6. Ndb5 d6 7. Bf4 e5 8. Bg5 a6 9. Na3 b5 10. Nd5 Be7 11. Bxf6 Bxf6 12. c4 b4 13. Nc2 a5 14. g3 0-0 15. h4 Be6 16. Be2 Bxd5 17. Qxd5 Nd4 18. Nxd4 exd4 19. Bg4 Re8 20. 0-0 g6 21. Rae1 h5 22. Bh3 Bg7 23. f4 Qe7 24. Kg2 a4 25. f5 Qe5 26. fxg6 Qxd5 27. exd5 fxg6 28. Be6+ Kh8 29. Bf7 Rxe1 30. Rxe1 d3 31. Bxg6 Bxb2 32. Bxd3 b3 33. Bb1 bxa2 34. Bxa2 Bd4 35. Re4 Bc5 36. Re2 a3 37. Kf3 Rf8+ 38. Kg2 Rb8 39. Kh3 Rf8 40. Bb1 Rf1 41. Ba2 Kg7 42. Kg2 Rf7 43. Bb1 Rb7 44. Ba2 Kh7 45. Kf3 Rf7+ 46. Ke4 Re7+ 47. Kd3 Rxe2 48. Kxe2 Kg6 49. Kf3 Kf5 50. g4+ hxg4+ 51. Kg3 Be3 52. Bb1+ Ke5 53. Kxg4 Kd4 54. Kf3 Bh6 55. Ba2 1/2-1/2

[Event "North American-ch UNN"]
[Site "Dulles"]
[Date "2024.12.22"]
[Round "7"]
[White "Guntaka, Aayansh R"]
[Black "Liu, Steven1"]
[Result "1-0"]
[WhiteElo "1729"]
[BlackElo "1896"]
[PlyCount "109"]
[EventDate "2024.12.18"]
[EventType "swiss"]
[EventRounds "9"]
[EventCountry "USA"]
[SourceTitle "CB02_2025"]
[SourceDate "2025.01.08"]
[SourceVersion "1"]
[SourceVersionDate "2025.01.08"]
[SourceQuality "1"]

1. e4 c5 2. Nf3 Nc6 3. Nc3 g6 4. d4 cxd4 5. Nxd4 Bg7 6. Be3 d6 7. Qd2 Nf6 8. f3 0-0 9. g4 h5 10. gxh5 Nxh5 11. 0-0-0 Bd7 12. Bc4 Rc8 13. Bb3 Na5 14. Kb1 Nc4 15. Bxc4 Rxc4 16. Nce2 b5 17. Ng3 Nxg3 18. hxg3 e5 19. Nb3 Qf6 20. Na5 Rcc8 21. Qh2 Rfe8 22. Bd2 Qxf3 23. Qh7+ Kf8 24. Bb4 Re6 25. Rxd6 Ke8 26. Qg8+ Bf8 27. Qxf8+ Kxf8 28. Rd3+ Kg7 29. Rxf3 Bc6 30. Nxc6 Rexc6 31. Bc3 f6 32. Rd3 R8c7 33. Ba5 Rb7 34. a3 Rc4 35. Re1 Kf7 36. Rd8 Ke6 37. b3 Rd4 38. Rxd4 exd4 39. c3 dxc3 40. Bxc3 Rh7 41. Rf1 f5 42. exf5+ gxf5 43. Re1+ Kd7 44. Bd2 Rf7 45. Re5 Kc6 46. Be3 Rg7 47. Rc5+ Kb7 48. Bf4 a6 49. Rxf5 Rh7 50. g4 Rg7 51. g5 Kc6 52. Rf6+ Kd5 53. g6 Ke4 54. Bh6 Kd5 55. Kc2 1-0

[Event "Wch U10"]
[Site "Montesilvano"]
[Date "2024.11.16"]
[Round "2"]
[White "Guntaka, Aayansh R"]
[Black "Deepak Ambattu, Rithvik"]
[Result "1/2-1/2"]
[WhiteElo "1798"]
[BlackElo "2063"]
[PlyCount "66"]
[EventDate "2024.11.15"]
[EventType "swiss"]
[EventRounds "11"]
[EventCountry "ITA"]
[SourceTitle "CB48_2024"]
[SourceDate "2024.11.28"]
[SourceVersion "1"]
[SourceVersionDate "2024.11.28"]
[SourceQuality "1"]

1. e4 c5 2. Nf3 d6 3. d4 cxd4 4. Nxd4 Nf6 5. Nc3 a6 6. Rg1 h5 7. h3 e5 8. Nb3 Be6 9. Be3 Nc6 10. g4 hxg4 11. hxg4 d5 12. exd5 Nxd5 13. Nxd5 Qxd5 14. Qxd5 Bxd5 15. 0-0-0 0-0-0 16. Bb6 Rd7 17. g5 f5 18. Be2 Be7 19. Nc5 Bxc5 20. Bxc5 Rh2 21. g6 Nd4 22. Bxd4 exd4 23. Rxd4 Rxf2 24. Bd3 Be4 25. Rc4+ Rc7 26. Rxc7+ Kxc7 27. Bxe4 fxe4 28. Rg4 e3 29. Kd1 Rd2+ 30. Kc1 Kd6 31. Rg3 Re2 32. Kd1 Rd2+ 33. Kc1 Re2 1/2-1/2

[Event "GEO World Cup Final U10"]
[Site "Batumi"]
[Date "2024.07.01"]
[Round "1"]
[White "Guntaka, Aayansh R"]
[Black "Azimov, Yasin"]
[Result "1/2-1/2"]
[WhiteElo "1838"]
[BlackElo "1860"]
[PlyCount "105"]
[EventDate "2024.07.01"]
[EventType "match"]
[EventRounds "5"]
[EventCountry "GEO"]
[SourceTitle "EXT 2025"]
[Source "ChessBase"]
[SourceDate "2024.10.14"]
[SourceVersion "1"]
[SourceVersionDate "2024.10.14"]
[SourceQuality "1"]

1. e4 c5 2. Nf3 d6 3. d4 cxd4 4. Nxd4 Nf6 5. Nc3 a6 6. Be3 e5 7. Nf3 Be7 8. Bc4 0-0 9. 0-0 Nbd7 10. h3 Qc7 11. Bb3 b5 12. a4 b4 13. Nd5 Nxd5 14. Bxd5 Rb8 15. a5 Rb5 16. Ra4 Bb7 17. Bxb7 Qxb7 18. Nd2 Nf6 19. Bg5 d5 20. Bxf6 Bxf6 21. exd5 Rxd5 22. Qf3 Qd7 23. Ne4 Be7 24. Raa1 f5 25. Ng3 e4 26. Qb3 Kh8 27. Rfe1 Rd8 28. Ne2 Qc7 29. c3 bxc3 30. Nxc3 Rxa5 31. Rad1 Bd6 32. Nd5 Qb8 33. Qxb8 Rxb8 34. Ne3 Bb4 35. Re2 Rc5 36. Nc2 a5 37. Nxb4 axb4 38. Red2 h5 39. Rd7 Rcb5 40. Rf7 R8b7 41. Rxb7 Rxb7 42. Rd4 g6 43. Kf1 Kg7 44. f3 exf3 45. gxf3 Rb6 46. h4 Kf6 47. b3 Ke5 48. Rc4 f4 49. Kf2 Rb5 50. Ke2 Kf5 51. Kf2 g5 52. hxg5 Kxg5 53. Kg2 1/2-1/2

[Event "GEO World Cup-A U10"]
[Site "Batumi"]
[Date "2024.06.24"]
[Round "2"]
[White "Eshkol, Idan"]
[Black "Guntaka, Aayansh R"]
[Result "1/2-1/2"]
[WhiteElo "1544"]
[BlackElo "1872"]
[PlyCount "62"]
[EventDate "2024.06.23"]
[EventType "swiss"]
[EventRounds "7"]
[EventCountry "GEO"]
[SourceTitle "EXT 2025"]
[Source "ChessBase"]
[SourceDate "2024.10.14"]
[SourceVersion "1"]
[SourceVersionDate "2024.10.14"]
[SourceQuality "1"]

1. e4 e6 2. d4 d5 3. exd5 exd5 4. Bd3 Bd6 5. Nf3 Ne7 6. c3 0-0 7. 0-0 Bf5 8. Re1 Nbc6 9. Bg5 f6 10. Bh4 Qd7 11. Bg3 Rae8 12. Qc2 Bxd3 13. Qxd3 Nf5 14. Nbd2 Bxg3 15. hxg3 Kh8 16. Rxe8 Rxe8 17. Re1 Nce7 18. g4 Nd6 19. g5 Qg4 20. Nf1 fxg5 21. Ng3 Qf4 22. Re5 h6 23. Qe2 Qf7 24. Nf1 Ndc8 25. Rxg5 hxg5 26. Ne5 Qf8 27. Nd7 Qf7 28. Ne5 Qf8 29. Nd7 Qf7 30. Ne5 Qf8 31. Nd7 Qf7 1/2-1/2

[Event "Wch U08 blitz"]
[Site "Batumi"]
[Date "2023.06.10"]
[Round "2"]
[White "Chkhartishvili, Lazare"]
[Black "Guntaka, Aayansh R"]
[Result "1-0"]
[WhiteElo "1059"]
[BlackElo "1325"]
[PlyCount "91"]
[EventDate "2023.06.10"]
[EventType "swiss (blitz)"]
[EventRounds "11"]
[EventCountry "GEO"]
[SourceTitle "EXT 2024"]
[Source "ChessBase"]
[SourceDate "2023.10.10"]
[SourceVersion "1"]
[SourceVersionDate "2023.10.10"]
[SourceQuality "1"]
[WhiteTeam "Georgia"]
[BlackTeam "United States"]
[WhiteTeamCountry "GEO"]
[BlackTeamCountry "USA"]

1. d4 d5 2. Nf3 c5 3. b3 Nf6 4. e3 Bf5 5. Bd3 Bxd3 6. Qxd3 e6 7. Bb2 Nc6 8. Nbd2 Be7 9. 0-0 0-0 10. a3 Rc8 11. Rac1 Qc7 12. c4 Rfd8 13. Qc2 cxd4 14. cxd5 d3 15. Qxd3 Rxd5 16. Qc2 Rd7 17. Rfd1 Qb8 18. Nc4 Rdc7 19. Ng5 h6 20. Bxf6 Bxf6 21. Qh7+ Kf8 22. Ne4 Ke7 23. Nxf6 gxf6 24. Qxh6 Rh8 25. Qf4 b5 26. Qd6+ Ke8 27. Na5 Qd8 28. Qxd8+ Nxd8 29. Rxc7 Rg8 30. Rcd7 Nc6 31. Nxc6 Kf8 32. Rd8+ Kg7 33. Rxg8+ Kxg8 34. Nxa7 b4 35. axb4 f5 36. b5 f4 37. b6 fxe3 38. fxe3 e5 39. b7 Kg7 40. b8Q e4 41. Qe5+ Kh7 42. Rd7 Kg8 43. Qg5+ Kh8 44. Qf6+ Kh7 45. Rxf7+ Kg8 46. Qg7# 1-0

[Event "Wch U08 rapid"]
[Site "Batumi"]
[Date "2023.06.07"]
[Round "4"]
[White "Jakhaia, Andria"]
[Black "Guntaka, Aayansh R"]
[Result "1-0"]
[WhiteElo "1292"]
[BlackElo "1060"]
[PlyCount "145"]
[EventDate "2023.06.06"]
[EventType "swiss (rapid)"]
[EventRounds "11"]
[EventCountry "GEO"]
[SourceTitle "EXT 2024"]
[Source "ChessBase"]
[SourceDate "2023.10.10"]
[SourceVersion "1"]
[SourceVersionDate "2023.10.10"]
[SourceQuality "1"]
[WhiteTeam "Georgia"]
[BlackTeam "United States"]
[WhiteTeamCountry "GEO"]
[BlackTeamCountry "USA"]

1. e4 e6 2. d4 d5 3. Nc3 Bb4 4. e5 c5 5. Bd2 cxd4 6. Nb5 Bxd2+ 7. Qxd2 Ne7 8. Nxd4 0-0 9. f4 Qb6 10. 0-0-0 Nbc6 11. Ngf3 Bd7 12. g4 Nxd4 13. Nxd4 Nc6 14. Nf3 Rac8 15. Kb1 Qa5 16. Qxa5 Nxa5 17. c3 Nc6 18. Nd4 f6 19. Bb5 fxe5 20. Bxc6 bxc6 21. fxe5 Rf4 22. h3 c5 23. Nc2 Bb5 24. b3 Rcf8 25. a4 Ba6 26. b4 Bc4 27. bxc5 Rb8+ 28. Ka1 Bb3 29. Rd4 Rf2 30. Rb4 Rxb4 31. Nxb4 Bxa4 32. c6 Rf8 33. Kb2 Rc8 34. Ra1 Bxc6 35. Rxa7 Bb5 36. Rb7 Bc6 37. Re7 Bb5 38. Rxe6 Bc4 39. Rc6 Rxc6 40. Nxc6 Kf7 41. Ka3 Ke6 42. Kb4 Bf1 43. h4 Bh3 44. g5 Bf5 45. Kc5 Bh3 46. Nd4+ Kxe5 47. Nc6+ Ke6 48. Nd4+ Ke5 49. c4 dxc4 50. Kxc4 Kf4 51. Nb5 Kg4 52. Nd6 Kxh4 53. Ne8 Kxg5 54. Nxg7 Kf6 55. Nh5+ Kg5 56. Ng3 Be6+ 57. Kd3 h6 58. Ke3 Bd7 59. Kf2 Bc6 60. Kg1 Kg4 61. Kh2 Bd5 62. Ne2 h5 63. Nc3 Bf3 64. Nb5 h4 65. Nd6 h3 66. Nf7 Bd5 67. Ne5+ Kh4 68. Ng6+ Kg4 69. Ne5+ Kh4 70. Ng6+ Kg4 71. Ne5+ Kh4 72. Ng6+ Kg4 73. Ne5+ 1-0